000 00948nam a2200253 i 4500
001 125206
003 ES-MaACL
005 20240524110557.0
007 t|
008 070507s1934 sp ||||1| spa d
080 _a860-23"19"
100 1 _aCueva y de Orejuela, Jorge de la.
_942090
245 1 0 _aMaría del Valle
_b: comedia en tres actos y en prosa /
_cJorge y José de la Cueva ; dibujos de Gutiérrez Navas.
260 _aMadrid :
_bRibadeneyra,
_c1934.
300 _a77 p. :
_bil. ;
_c17 cm.
490 1 _aLa Farsa ;
_v361
500 _aEstrenada en el Teatro Fontalba de Madrid la noche del 10 de abril de 1934.
500 _aCubierta de este número: Carmen Díaz en una escena de María del Valle.
700 1 _aCueva y de Orejuela, José de la.
_942091
700 1 _aGutiérrez Navas, Manuel,
_d1890-1971
_961196
830 0 _aLa Farsa ;
_v361
_9185863
852 _aES-MaACL
_j2227-F-1
_bR.140808
999 _c125206
_d125206